Common Criticisms of Classic Books Quiz Stats

 Plays Quiz Updated Mar 4, 2019

Score 0/20 Timer 05:00
6 Plays Today
% Correct
Moby-Dick
93.7%
Little Women
89.4%
The Catcher in the Rye
87.8%
Lolita
87.3%
The Great Gatsby
83.6%
The Adventures of Huckleberry Finn
83.1%
The Last of the Mohicans
75.8%
Wuthering Heights
69.3%
The Grapes of Wrath
63.9%
On the Road
63.6%
% Correct
Finnegans Wake
62.1%
Uncle Tom's Cabin
60.8%
Heart of Darkness
56.5%
Gone with the Wind
55.1%
Atlas Shrugged
54.9%
Tropic of Cancer
49.3%
Brave New World
44%
The Alchemist
36.2%
Infinite Jest
33.1%
For Whom the Bell Tolls
26.2%

You're not logged in!

Compare scores with friends on all Sporcle quizzes.
OR
Log In

Sporcle TV

Today on Sporcle TV


Watch our educational content, quiz creation guides, and fun videos on Sporcle TV.

Show Comments

Extras

Top Quizzes Today


Score Distribution

Your Account Isn't Verified!

In order to create a playlist on Sporcle, you need to verify the email address you used during registration. Go to your Sporcle Settings to finish the process.

Report this User

Report this user for behavior that violates our Community Guidelines.

Details: